[Event "Asuncion Roggio Cup-C 3rd"]
[Site "Asuncion"]
[Date "2010.05.27"]
[Round "7"]
[White "Villamayor, Fernando"]
[Black "Butti, Enrique"]
[Result "0-1"]
[WhiteElo "1987"]
[BlackElo "2089"]
[PlyCount "50"]
[EventDate "2010.05.20"]
[EventType "swiss"]
[EventRounds "9"]
[EventCountry "PAR"]
[SourceTitle "CBM 136 Extra"]
[Source "ChessBase"]
[SourceDate "2010.07.02"]
[SourceVersion "2"]
[SourceVersionDate "2010.07.15"]
[SourceQuality "1"]

1. Nf3 Nf6 2. b3 g6 3. Bb2 Bg7 4. g3 0-0 5. Bg2 d6 6. d4 Nbd7 7. 0-0 e5 8. c4 e4 9. Ng5 Qe7 10. Nc3 e3 11. f3 c6 12. Nh3 Bh6 13. b4 Nb6 14. d5 Nxc4 15. dxc6 Nxb2 16. Qb3 bxc6 17. Qxb2 Bg7 18. Qa3 d5 19. Na4 Ba6 20. Nf4 g5 21. Nc5 gxf4 22. Qxa6 fxg3 23. h3 Nh5 24. Rac1 Nf4 25. Nd3 Nxe2+ 0-1

[Event "Asuncion Roggio Cup-C 3rd"]
[Site "Asuncion"]
[Date "2010.05.22"]
[Round "3"]
[White "Villamayor, Fernando"]
[Black "Rivarola, Paul"]
[Result "1/2-1/2"]
[WhiteElo "1987"]
[BlackElo "1652"]
[PlyCount "64"]
[EventDate "2010.05.20"]
[EventType "swiss"]
[EventRounds "9"]
[EventCountry "PAR"]
[SourceTitle "CBM 136 Extra"]
[Source "ChessBase"]
[SourceDate "2010.07.02"]
[SourceVersion "2"]
[SourceVersionDate "2010.07.15"]
[SourceQuality "1"]

1. e4 c6 2. d4 d5 3. Nc3 dxe4 4. Nxe4 Nd7 5. Bc4 e6 6. Ne2 Ngf6 7. Ng5 h6 8. Nf3 Bd6 9. 0-0 0-0 10. Nf4 Qc7 11. Nd3 Re8 12. Re1 Nb6 13. Bb3 Nbd7 14. Nfe5 Nd5 15. Qh5 Nxe5 16. dxe5 Bf8 17. Re4 Bd7 18. Bxh6 f5 19. Rh4 gxh6 20. Qg6+ Bg7 21. Rxh6 Re7 22. Re1 Qd8 23. c4 Be8 24. Qg3 Kf8 25. cxd5 Bxh6 26. Qh3 Rh7 27. Nf4 Bxf4 28. Qxh7 cxd5 29. g3 Bg5 30. Qh8+ Kf7 31. Qh7+ Kf8 32. Qh8+ Kf7 1/2-1/2